000 02005cam a2200337 i 4500
001 12276487
003 EG-ScBUE
005 20250709102802.0
008 140429s2014 ne a frb 001 0 eng d
020 _a0444595244 (cloth)
020 _a9780444595249 (cloth)
035 _a(NhCcYBP)co8628258
040 _aNhCcYBP
_beng
_erda
_cNhCcYBP
_dEG-ScBUE
082 0 4 _222
_a541.395
_bBUS
100 1 _aBusca, Guido,
_eauthor.
_941613
245 1 0 _aHeterogeneous catalytic materials :
_bsolid state chemistry, surface chemistry and catalytic behaviour /
_cGuido Busca.
250 _aFirst edition.
264 1 _aAmsterdam ;
_aOxford :
_bElsevier,
_c2014.
300 _axiii, 463 pages :
_billustrations ;
_c25 cm
336 _2rdacontent
_atext
_btxt
337 _aunmediated
_2rdamedia
_bn
338 _avolume
_bnc
_2rdacarrier
504 _aIncludes bibliographical references and index.
520 _aHeterogeneous Catalytic Materials discusses experimental methods and the latest developments in three areas of research: heterogeneous catalysis; surface chemistry; and the chemistry of catalysts. Catalytic materials are those solids that allow the chemical reaction to occur efficiently and cost-effectively. This book provides you with all necessary information to synthesize, characterize, and relate the properties of a catalyst to its behavior, enabling you to select the appropriate catalyst for the process and reactor system. Oxides (used both as catalysts and as supports for catalysts), mixed and complex oxides and salts, halides, sulfides, carbides, and unsupported and supported metals are all considered. The book encompasses applications in industrial chemistry, refinery, petrochemistry, biomass conversion, energy production, and environmental protection technologies.
650 7 _aCatalysts.
_2BUEsh
_96661
650 7 _aHeterogeneous catalysis.
_97141
_2BUEsh
653 _bENGCHE
_cOctober2016
653 _bENGGEN
_cOctober2016
655 _vReading book
942 _2ddc
_cBB
999 _c22846
_d22818